Statistics for Every Gracie Abrams Songs

Click here to take the quiz!

General Stats

  • This quiz has been taken 14 times
    (3 since last reset)
  • The average score is 60 of 67

Answer Stats

HintAnswer% Correct
Single 321
100%
221
100%
15 (Deluxe Version)405
100%
7Amelie
100%
10Augusta
100%
1Best
100%
Single 11Block me out
100%
13 (Deluxe Version)Block me out
100%
Single 6Brush Fire
100%
4Camden
100%
8Difficult
100%
Single 12Difficult
100%
10Fault line
100%
Single 9Feels Like
100%
1Feels Like
100%
3For Real This Time
100%
1Friend
100%
3Full machine
100%
Album 1Good Riddance
100%
9Hard To Sleep
100%
Single 13I know it won't work
100%
2I know it won't work
100%
4I Love You, I'm Sorry
100%
Single 4I miss you, I'm sorry
100%
5I miss you, I'm sorry
100%
5I should hate you
100%
6Long Sleeves
100%
Single 5Long Sleeves
100%
Single 1Mean It
100%
EP 1minor
100%
7minor
100%
11Painkillers
100%
12Right now
100%
2Risk
100%
Single 10Rockland
100%
2Rockland
100%
Single 2Stay
100%
4tehe
100%
11The blue
100%
5The Bottom
100%
Album 2The Secret of Us
100%
EP 2This Is What It Feels Like
100%
9This is what the drugs are for
100%
16 (Deluxe Version)Two people
100%
Single 7Unlearn
100%
14 (Deluxe Version)Unsteady
100%
5us. (feat. Taylor Swift)
100%
4Where do we go now?
100%
6Will you cry?
100%
12Alright
67%
8Better
67%
3Blowing Smoke
67%
Single 14Cedar
67%
13Close To You
67%
Single 15Everywhere, Everything
67%
1Felt Good About You
67%
12Free Now
67%
9Gave You I Gave You I
67%
11Good Luck Charlie
67%
6Let It Happen
67%
Single 8Mess It Up
67%
10Normal Thing
67%
7Older
67%
3Under / Over
67%
6Wishful Thinking
67%
8I Knew It, I Know You
33%
7Tough Love
33%

Score Distribution

Percentile by Number Answered

Percent of People with Each Score

Your Score History

You have not taken this quiz since the last reset